Oh, the Irony Quiz Stats

 Plays Quiz Updated Apr 9, 2018

Challenge
Share
Tweet
Score 0/20 Timer 07:00
9 Plays Today
% Correct
Lost
96.9%
Drowned
96.6%
Burned
96.5%
Wife
96.4%
Dictionary
94.9%
Other
94.6%
Guitar
94.2%
Horses
92.1%
Beard
90.4%
Write
90%
% Correct
Hazard
88.4%
Deaf
88.3%
Sued
87.6%
Electrocution
86.8%
Himself
85.8%
Segway
84.1%
Confederates
79.9%
Beetles
79.5%
MacIntosh
76.9%
Seasickness
75.1%

You're not logged in!

Compare scores with friends on all Sporcle quizzes.
OR
Log In

You Might Also Like...

Show Comments

Extras

Top Quizzes Today


Score Distribution

Your Account Isn't Verified!

In order to create a playlist on Sporcle, you need to verify the email address you used during registration. Go to your Sporcle Settings to finish the process.

Report this User

Report this user for behavior that violates our Community Guidelines.

Details: